| 000 | 01019cam a22003137a 4500 | ||
|---|---|---|---|
| 003 | CHAP | ||
| 005 | 20220817043743.0 | ||
| 008 | 010212d1983 it r 00110 spa d | ||
| 010 | _a83487 | ||
| 011 | _a84459 | ||
| 035 | _a94979 | ||
| 040 | _cCHAP | ||
| 090 | _aFolleto 16236 | ||
| 110 | 0 |
_aAGRIS _92141 |
|
| 245 | 1 | 0 |
_aEsquema de categorías de materias AGRIS/CARIS : _bFAO-AGRIS-3 (Rev. 4) - Es _c/comp. por Ingrid Prince-Perciballi . |
| 260 |
_aRoma, Italia : _bDirección de la Biblioteca y Sistemas de Información, _c1983. |
||
| 300 | _a133p. | ||
| 590 |
_aBATCH-UPD _b10 _c20130110 _lUCH01 _h0501 |
||
| 590 |
_aBATCH-UPD _b10 _c20130410 _lUCH01 _h0139 |
||
| 590 |
_aCONVERSION _b10 _c20130109 _lUCH01 _h1346 |
||
| 650 | 1 | 4 |
_aAgricultura _xTerminologia. _91837 |
| 650 | 1 | 4 |
_aEncabezamientos de materia _xAgricultura. _936719 |
| 700 | 0 |
_aPrince Perciballi, Ingrid. _991645 |
|
| 710 | 0 | _aFAO. | |
| 901 | _aBK | ||
| 905 | _aEdna Luz | ||
| 942 | _cFOLL | ||
| 949 |
_aFolleto 16236 _bBC _cFOLL _d949791 _eTS1 _i94979 _st |
||
| 999 |
_c83487 _d83487 |
||